| 000 | 02036nas1a22004571 4500 | ||
|---|---|---|---|
| 001 | RU\NLR\A1\34575 | ||
| 005 | 20251203152403.2 | ||
| 035 | _a(NLR Aleph) 009684697 | ||
| 090 |
_a9714385 _c9714385 |
||
| 100 | _a20260119 rusy50 | ||
| 101 | 0 | _arus | |
| 102 | _aRU | ||
| 110 | _aafa||||0|u0 | ||
| 200 | 1 |
_aС. Петербургской журнал _fиздаваемый И.Пниным. 1798 |
|
| 210 |
_aСПб. _cТип. И.К.Шнора _d[1798] |
||
| 215 | _d8° | ||
| 314 | _aОбщественно-литературный и философский журнал, издававшийся И.П.Пниным и А.Ф.Бестужевым | ||
| 321 | _aСК XVIII. Т.4, 229 | ||
| 463 | 0 |
_1001RU\NLR\A1\34576 _913476880 _d1798 _p[4], 319, [4] с. _t1798, Ч.1, [янв.] _uhttps://vivaldi.nlr.ru/pm000048285/view |
|
| 463 | 0 |
_1001RU\NLR\A1\34577 _913476881 _d1798 _p[4], 1-108, 111-320 [=318], [2] с. _t1798, Ч.2, [апр.] _uhttps://vivaldi.nlr.ru/pm000048288/view |
|
| 463 | 0 |
_1001RU\NLR\A1\34578 _913476882 _d1798 _p[4], 104, 94, [2], 94, [2] с. _t1798, Ч.3, [июль] _uhttps://vivaldi.nlr.ru/pm000048291/view |
|
| 463 | 0 |
_1001RU\NLR\A1\34579 _913476883 _d1798 _p[4], 1-214, [2], 215-314, [3] с. _t1798, Ч.4, [окт.] _uhttps://vivaldi.nlr.ru/pm000048294/view |
|
| 518 | 1 | _aСанкт-Петербургский журнал | |
| 620 | _dСанкт-Петербург | ||
| 702 | 1 |
_aПнин _bИ.П. _f1773-1805 _gИван Петрович _4650 |
|
| 702 | 1 |
_aБестужев _bА.Ф. _f1761-1810 _gАлександр Федосеевич _4650 |
|
| 712 | 0 | 0 |
_aШнор _gИ.К. _hтипография _cСанкт-Петербург _4610 |
| 801 | 0 |
_aRU _bNLR _c20070823 |
|
| 852 |
_aNLR _j7/43 |
||
| 899 |
_aСамОУНБ _yЧ.3 |
||
| 899 | _aРГБ | ||
| 899 | _aБАН | ||
| 899 | _aГПИБ | ||
| 899 |
_aНБ РК _yЧ.2 (март) |
||
| 899 | _aДГПБ | ||
| 899 |
_aСОУНБ _yЧ.1-2, 4 |
||
| 899 |
_aНБ УрГУ _yЧ.3 |
||
| 942 | _cJOURNAL | ||
| 980 | _aNB | ||
| 980 | _aA1XVIIIv | ||